[Event "Chessemy Open 2022"]
[Site "Reinstorf"]
[Date "2022.02.04"]
[Round "7.30"]
[White "Ploder, Udo"]
[Black "Ermitsch, Michael"]
[Result "0-1"]
[WhiteElo "1873"]
[BlackElo "2103"]
[Annotator "TA"]
[PlyCount "90"]
[EventDate "2022.01.29"]
[EventType "swiss"]
[EventCountry "GER"]
[SourceTitle "playchess.com"]
[Source "ChessBase"]
[SourceQuality "1"]

1. e4 c5 2. Nf3 e6 3. d4 cxd4 4. Nxd4 Nc6 5. Nc3 Qc7 6. Be3 a6 7. Qf3 Nf6 8. O-O-O Ne5 9. Qg3 b5 10. Bf4 d6 11. Bg5 b4 12. Bxf6 bxc3 13. Bg5 cxb2+ 14. Kb1 Bd7 15. f4 Nc4 16. Bxc4 Qxc4 17. Qd3 Rc8 18. Rhe1 h6 19. Bh4 g5 20. fxg5 hxg5 21. Bg3 e5 22. Nb3 Be6 23. Kxb2 Be7 24. Rd2 O-O 25. Bf2 Qb4 26. Red1 a5 27. a3 Qb7 28. a4 Rc4 29. Ra1 Rfc8 30. Re2 Bg4 31. Re3 Bd7 32. Be1 Qb6 33. Re2 Bxa4 34. Bxa5 Qb5 35. Be1 Kg7 36. Qe3 Qc6 37. Rc1 Qc7 38. Na1 Qb7+ 39. Nb3 Qc7 40. Na1 Ra8 41. Rb1 Bc6 42. Qf3 Bxe4 43. Rxe4 Qb7+ 44. Nb3 Qxe4 45. Qf2 Rxc2+ 0-1

[Event "Chessemy Open 2022"]
[Site "Reinstorf"]
[Date "2022.02.04"]
[Round "7.31"]
[White "Acarbay, Algi"]
[Black "Chitsazian, Daniel"]
[Result "1-0"]
[WhiteElo "1992"]
[BlackElo "1594"]
[Annotator "TA"]
[PlyCount "75"]
[EventDate "2022.01.29"]
[EventType "swiss"]
[EventCountry "GER"]
[SourceTitle "playchess.com"]
[Source "ChessBase"]
[SourceQuality "1"]

1. e4 c5 2. Nf3 Nc6 3. Bb5 Nf6 4. Bxc6 dxc6 5. d3 Bg4 6. Nbd2 Nd7 7. h3 Bh5 8. O-O e6 9. a4 Be7 10. b3 Bf6 11. Ra2 a5 12. Bb2 Bxb2 13. Rxb2 Qf6 14. Ra2 Bxf3 15. Nxf3 e5 16. Qd2 Nf8 17. Qc3 Nd7 18. Nd2 g5 19. Nc4 b6 20. Raa1 h5 21. g3 Ke7 22. Rae1 b5 23. Ne3 Kd6 24. axb5 cxb5 25. Ra1 Qd8 26. Ra2 a4 27. bxa4 b4 28. Qc4 Qf6 29. a5 Qf3 30. Kh2 Nf6 31. Nf5+ Kc6 32. Qxf7 Raf8 33. Qe6+ Kc7 34. Qd6+ Kc8 35. Ne7+ Kb7 36. a6+ Ka8 37. Qc6+ Kb8 38. a7# 1-0

[Event "Chessemy Open 2022"]
[Site "Reinstorf"]
[Date "2022.02.04"]
[Round "7.33"]
[White "Klemm, Robert"]
[Black "Kardoeus, David"]
[Result "0-1"]
[WhiteElo "1793"]
[BlackElo "2169"]
[Annotator "TA"]
[PlyCount "52"]
[EventDate "2022.01.29"]
[EventType "swiss"]
[EventCountry "GER"]
[SourceTitle "playchess.com"]
[Source "ChessBase"]
[SourceQuality "1"]

1. d4 Nf6 2. Nf3 g6 3. g3 Bg7 4. Bg2 O-O 5. O-O d6 6. b3 c5 7. Bb2 cxd4 8. Nxd4 d5 9. Nd2 Nc6 10. Nxc6 bxc6 11. c4 a5 12. e4 Be6 13. Qc2 a4 14. Rfd1 d4 15. Nf1 axb3 16. axb3 Rxa1 17. Bxa1 c5 18. Ne3 Qa5 19. Nd5 Nxd5 20. exd5 Bf5 21. Qe2 d3 22. Qf1 Bxa1 23. Rxa1 Qc3 24. Qd1 Rb8 25. Bf1 Rxb3 26. Rc1 Qb2 0-1

[Event "Chessemy Open 2022"]
[Site "Reinstorf"]
[Date "2022.02.04"]
[Round "7.34"]
[White "Muedder, Melanie"]
[Black "Zimmermann, Luc"]
[Result "1/2-1/2"]
[WhiteElo "1788"]
[BlackElo "2120"]
[Annotator "TA"]
[PlyCount "84"]
[EventDate "2022.01.29"]
[EventType "swiss"]
[EventCountry "GER"]
[SourceTitle "playchess.com"]
[Source "ChessBase"]
[SourceQuality "1"]

1. e4 e6 2. d4 d5 3. Nd2 Be7 4. Bd3 c5 5. c3 cxd4 6. cxd4 dxe4 7. Nxe4 Nf6 8. Nf3 O-O 9. O-O Nc6 10. Nxf6+ Bxf6 11. Be3 Nb4 12. Be4 Nd5 13. Bd2 b6 14. Ne5 Bb7 15. Rc1 g6 16. Qf3 Bg7 17. Bb4 f5 18. Bxf8 Bxe5 19. Bxd5 Bxd5 20. Qe3 Bxh2+ 21. Kxh2 Qxf8 22. Rc7 Bxa2 23. Ra1 Bd5 24. Qe5 a5 25. Rac1 b5 26. Kg1 a4 27. Rd7 Rd8 28. Rcc7 Rxd7 29. Rxd7 b4 30. Qc7 a3 31. bxa3 bxa3 32. Rd8 a2 33. Rxf8+ Kxf8 34. Qa7 g5 35. Kh2 h5 36. f3 h4 37. g3 hxg3+ 38. Kxg3 Ke8 39. Kf2 Kf8 40. Ke2 Kg8 41. Kd2 g4 42. Kc2 gxf3 1/2-1/2

[Event "Chessemy Open 2022"]
[Site "Reinstorf"]
[Date "2022.02.04"]
[Round "7.35"]
[White "Sistig, Max"]
[Black "Paashaus, Detlef"]
[Result "1-0"]
[WhiteElo "1846"]
[BlackElo "2096"]
[Annotator "TA"]
[PlyCount "107"]
[EventDate "2022.01.29"]
[EventType "swiss"]
[EventCountry "GER"]
[SourceTitle "playchess.com"]
[Source "ChessBase"]
[SourceQuality "1"]

1. d4 Nf6 2. c4 c5 3. d5 e5 4. Nc3 d6 5. e4 Be7 6. g3 O-O 7. Bh3 Bxh3 8. Nxh3 Qd7 9. Ng5 Ne8 10. h4 Na6 11. Qe2 Nac7 12. Bd2 f5 13. f3 a6 14. a4 Nf6 15. exf5 Qxf5 16. g4 Qd7 17. a5 Rae8 18. Nge4 Nxe4 19. Nxe4 Bd8 20. Ra3 Re7 21. Ng5 h6 22. Ne4 Ne8 23. Kd1 Ref7 24. g5 hxg5 25. hxg5 g6 26. Rh6 Rh7 27. Rxg6+ Kh8 28. Qg2 Qf5 29. Re6 Rh3 30. Qxh3+ Qxh3 31. Rh6+ Qxh6 32. gxh6 Rf7 33. Ke2 Rf5 34. Rb3 Rf7 35. Ra3 Rf5 36. Ra1 Rh5 37. Rg1 Rh2+ 38. Kd3 Kh7 39. b3 Rh3 40. Ke2 Rh2+ 41. Kd3 Rh3 42. Nxd6 Nxd6 43. Rg7+ Kh8 44. Rd7 Bh4 45. Rxd6 Rxf3+ 46. Ke4 Rxb3 47. Kxe5 Bg3+ 48. Ke6 Bxd6 49. Kxd6 Rd3 50. Bg5 Ra3 51. Kxc5 Rxa5+ 52. Kb6 Ra3 53. Kxb7 a5 54. d6 1-0

[Event "Chessemy Open 2022"]
[Site "Reinstorf"]
[Date "2022.02.04"]
[Round "7.36"]
[White "Pfau, Beate"]
[Black "Pellicoro, Nathalie"]
[Result "0-1"]
[WhiteElo "2034"]
[BlackElo "1835"]
[Annotator "TA"]
[PlyCount "122"]
[EventDate "2022.01.29"]
[EventType "swiss"]
[EventCountry "GER"]
[SourceTitle "playchess.com"]
[Source "ChessBase"]
[SourceQuality "1"]

1. c4 Nf6 2. g3 e6 3. Bg2 d5 4. Nf3 dxc4 5. Qa4+ Nbd7 6. Qxc4 a6 7. Qc2 c5 8. O-O b5 9. b3 Bb7 10. Bb2 Be7 11. d3 O-O 12. Nc3 Qb6 13. Rac1 Rac8 14. Rfd1 Rfd8 15. h3 Nb8 16. e3 Nc6 17. Qb1 Rd7 18. Rd2 Rcd8 19. Rcd1 Qa7 20. Ne2 Qa8 21. Ne1 Nb4 22. a3 Bxg2 23. Nxg2 Ne4 24. axb4 Nxd2 25. Rxd2 cxb4 26. Ngf4 Qc6 27. Qa1 Bf8 28. Nd4 Qb6 29. Nf3 f6 30. d4 e5 31. Ne2 Qe6 32. Kh2 e4 33. Ne1 g5 34. d5 Rxd5 35. Rxd5 Rxd5 36. Nd4 Qb6 37. Qb1 f5 38. Qd1 Qg6 39. Qe2 Bd6 40. Nec2 a5 41. Nxb5 Bf8 42. Qc4 Qf7 43. Ncd4 f4 44. gxf4 gxf4 45. Nc7 Rd7 46. Qxf7+ Rxf7 47. exf4 Rxc7 48. Ne6 Rc2 49. Bd4 a4 50. bxa4 b3 51. Kg3 b2 52. Bxb2 Rxb2 53. Ng5 Rb3+ 54. Kg4 e3 55. fxe3 Rxe3 56. a5 Ra3 57. f5 Rxa5 58. h4 Be7 59. Nf3 Bf6 60. Kf4 Ra4+ 61. Kg3 h5 0-1

[Event "Chessemy Open 2022"]
[Site "Reinstorf"]
[Date "2022.02.04"]
[Round "7.37"]
[White "Schmidt, Theo"]
[Black "Klaska, Philipp Leon"]
[Result "1/2-1/2"]
[WhiteElo "1997"]
[BlackElo "1831"]
[Annotator "TA"]
[PlyCount "79"]
[EventDate "2022.01.29"]
[EventType "swiss"]
[EventCountry "GER"]
[SourceTitle "playchess.com"]
[Source "ChessBase"]
[SourceQuality "1"]

1. d4 Nf6 2. Nf3 d5 3. c4 e6 4. Nc3 Be7 5. Bf4 O-O 6. e3 c6 7. Qc2 Nbd7 8. a3 b6 9. cxd5 cxd5 10. Bd3 Bb7 11. O-O a6 12. Rfc1 Rc8 13. a4 Nb8 14. Qe2 a5 15. Ne5 Nc6 16. Nxc6 Rxc6 17. Nb5 Qd7 18. Na7 Rxc1+ 19. Rxc1 Bd6 20. Bb5 Qe7 21. Bxd6 Qxd6 22. Qc2 Ra8 23. Bc6 Bxc6 24. Qxc6 Qxc6 25. Rxc6 Rb8 26. Nb5 Ne8 27. Kf1 Kf8 28. Ke2 Ke7 29. Kd3 Kd7 30. Rc3 Rc8 31. f3 Nd6 32. Rxc8 Nxc8 33. e4 Ne7 34. e5 Nc8 35. g4 f6 36. f4 fxe5 37. dxe5 g6 38. Nd4 Ne7 39. h4 h5 40. gxh5 1/2-1/2

[Event "Chessemy Open 2022"]
[Site "Reinstorf"]
[Date "2022.02.04"]
[Round "7.38"]
[White "Kreusch, Frank"]
[Black "Bischoff, Ulrich"]
[Result "0-1"]
[WhiteElo "1789"]
[BlackElo "1994"]
[Annotator "TA"]
[PlyCount "72"]
[EventDate "2022.01.29"]
[EventType "swiss"]
[EventCountry "GER"]
[SourceTitle "playchess.com"]
[Source "ChessBase"]
[SourceQuality "1"]

1. e4 e5 2. Nf3 Nf6 3. Nc3 Bb4 4. Nd5 Nxd5 5. exd5 e4 6. Nd4 O-O 7. Be2 Qg5 8. O-O Qxd5 9. Nb5 Na6 10. a3 Ba5 11. b4 Bb6 12. c4 Qe5 13. Rb1 c5 14. Qc2 d5 15. cxd5 Bf5 16. Bb2 Qf4 17. Qc3 Qh6 18. Qe5 Bg6 19. d6 cxb4 20. Qd5 Nc5 21. axb4 Nd3 22. Bxd3 exd3 23. Bc3 Qh5 24. Qxh5 Bxh5 25. Rfe1 Be2 26. Nd4 Bg4 27. Re7 Rfd8 28. Rbe1 Kf8 29. h3 Rxd6 30. Nb5 Re6 31. R1xe6 Bxe6 32. Rxb7 Bd5 33. Rd7 Bc6 34. Nc7 Rc8 35. Ne6+ fxe6 36. Rxg7 Bd5 0-1

[Event "Chessemy Open 2022"]
[Site "Reinstorf"]
[Date "2022.02.04"]
[Round "7.39"]
[White "Semling, Johannes"]
[Black "De Vries, Leonard"]
[Result "0-1"]
[WhiteElo "1765"]
[BlackElo "1988"]
[Annotator "TA"]
[PlyCount "100"]
[EventDate "2022.01.29"]
[EventType "swiss"]
[EventCountry "GER"]
[SourceTitle "playchess.com"]
[Source "ChessBase"]
[SourceQuality "1"]

1. e4 c5 2. Ne2 Nc6 3. d4 cxd4 4. Nxd4 Nf6 5. Nc3 e5 6. Ndb5 d6 7. Nd5 Nxd5 8. exd5 Nb8 9. c4 Be7 10. Be2 O-O 11. O-O a6 12. Nc3 f5 13. f4 Nd7 14. Kh1 Bf6 15. Rb1 g6 16. Qc2 exf4 17. Bxf4 Be5 18. b4 Bxf4 19. Rxf4 b6 20. Rbf1 Ne5 21. Bd3 Ra7 22. Ne2 Ng4 23. Qd2 Qh4 24. h3 g5 25. R4f3 Ne5 26. R3f2 Raf7 27. Qc2 f4 28. Nd4 Bxh3 29. gxh3 Qxh3+ 30. Rh2 Qxd3 31. Qxd3 Nxd3 32. Ne6 g4 33. Nxf8 Kxf8 34. Rh4 Ne5 35. c5 bxc5 36. bxc5 dxc5 37. Kg2 Nc4 38. Rc1 Ne3+ 39. Kf2 c4 40. d6 c3 41. Rh5 Rd7 42. Rh6 Kg7 43. Re6 c2 44. Ke2 h5 45. Kd3 g3 46. Ke4 g2 47. Re7+ Rxe7+ 48. dxe7 Kf7 49. Kxf4 Nf1 50. Re1 Ke8 0-1

[Event "Chessemy Open 2022"]
[Site "Reinstorf"]
[Date "2022.02.04"]
[Round "7.40"]
[White "Werther, Jens"]
[Black "Poschadel, Andreas Gregor"]
[Result "0-1"]
[WhiteElo "1699"]
[BlackElo "1981"]
[Annotator "TA"]
[PlyCount "66"]
[EventDate "2022.01.29"]
[EventType "swiss"]
[EventCountry "GER"]
[SourceTitle "playchess.com"]
[Source "ChessBase"]
[SourceQuality "1"]

1. d4 Nf6 2. Nf3 e6 3. e3 b6 4. Nbd2 Bb7 5. Bd3 d6 6. O-O g6 7. c3 Bg7 8. Qc2 O-O 9. e4 Nbd7 10. Nc4 Nxe4 11. Bxe4 d5 12. Bxg6 hxg6 13. Nce5 c5 14. Bg5 Qc7 15. Nxd7 Qxd7 16. Qd2 f6 17. Bh6 Rae8 18. Rfe1 Qf7 19. Re2 g5 20. Bxg7 Kxg7 21. Rae1 Bc8 22. Qe3 Qh5 23. h3 Rh8 24. Nh2 c4 25. Qg3 Kf7 26. Ng4 Qg6 27. Qf3 Kg7 28. Qg3 Re7 29. Qd6 Rf7 30. Rxe6 Bxe6 31. Rxe6 Qb1+ 32. Kh2 Qf5 33. g3 Qxg4 0-1

[Event "Chessemy Open 2022"]
[Site "Reinstorf"]
[Date "2022.02.04"]
[Round "7.41"]
[White "Bauer, Dieter"]
[Black "Schell, Franz Juergen"]
[Result "0-1"]
[WhiteElo "1670"]
[BlackElo "1969"]
[Annotator "TA"]
[PlyCount "52"]
[EventDate "2022.01.29"]
[EventType "swiss"]
[EventCountry "GER"]
[SourceTitle "playchess.com"]
[Source "ChessBase"]
[SourceQuality "1"]

1. c4 b6 2. Nf3 Bb7 3. g3 c5 4. Bg2 Nf6 5. O-O e6 6. d4 cxd4 7. Nxd4 Bxg2 8. Kxg2 Be7 9. Nc3 O-O 10. e4 d6 11. Qe2 Qc7 12. f3 Nbd7 13. Bd2 Rac8 14. b3 Rfe8 15. Rac1 Qb8 16. Rfd1 d5 17. cxd5 exd5 18. Bf4 Qb7 19. exd5 Ba3 20. Qd3 Bxc1 21. Bxc1 Ne5 22. Qd2 Nxd5 23. Nxd5 Qxd5 24. Bb2 h5 25. Qg5 Ng4 26. Nf5 Rc2+ 0-1

[Event "Chessemy Open 2022"]
[Site "Reinstorf"]
[Date "2022.02.04"]
[Round "7.42"]
[White "Alquist, Erik"]
[Black "Sommer, Justus"]
[Result "0-1"]
[WhiteElo "1965"]
[BlackElo "1821"]
[Annotator "TA"]
[PlyCount "84"]
[EventDate "2022.01.29"]
[EventType "swiss"]
[EventCountry "GER"]
[SourceTitle "playchess.com"]
[Source "ChessBase"]
[SourceQuality "1"]

1. d4 d5 2. c4 e6 3. Nf3 Nf6 4. Nc3 c6 5. e3 Bd6 6. Be2 O-O 7. O-O Nbd7 8. b3 Qe7 9. Bb2 b6 10. Re1 Bb7 11. Bd3 dxc4 12. bxc4 e5 13. Ng5 h6 14. Nge4 Nxe4 15. Nxe4 Bc7 16. Ng3 Nf6 17. Qf3 Qe6 18. e4 exd4 19. e5 Nd7 20. Bf5 Nxe5 21. Qf4 Qd6 22. Ne4 Qd8 23. Bxd4 Re8 24. Rad1 Qe7 25. Qg3 Ng6 26. Qc3 Qf8 27. c5 Ne7 28. Bd7 Nd5 29. Qf3 Re7 30. Qh3 Nf4 31. Qf5 Ng6 32. Qg4 Bc8 33. Bf5 Bxf5 34. Qxf5 Be5 35. Be3 Bc7 36. Nd6 Rd8 37. Rd2 Red7 38. Red1 Bxd6 39. Kf1 Ne7 40. Qg4 Nd5 41. cxd6 Rxd6 42. Ke2 Nc3+ 0-1

[Event "Chessemy Open 2022"]
[Site "Reinstorf"]
[Date "2022.02.04"]
[Round "7.43"]
[White "Nyenhuis, Yannek"]
[Black "Zhou, Lepu Coco"]
[Result "1/2-1/2"]
[WhiteElo "1956"]
[BlackElo "1819"]
[Annotator "TA"]
[PlyCount "51"]
[EventDate "2022.01.29"]
[EventType "swiss"]
[EventCountry "GER"]
[SourceTitle "playchess.com"]
[Source "ChessBase"]
[SourceQuality "1"]

1. d4 d5 2. c4 dxc4 3. Nf3 a6 4. e3 Nf6 5. Bxc4 e6 6. O-O c5 7. dxc5 Qxd1 8. Rxd1 Bxc5 9. Be2 O-O 10. Ne5 Nbd7 11. Nc4 Ne4 12. Nbd2 Ndf6 13. Nb3 Ba7 14. Nca5 Bb6 15. Nc4 Bc7 16. f3 b5 17. Nca5 Nc5 18. Nxc5 Bxa5 19. e4 Rd8 20. Be3 Nd7 21. Kf2 Nxc5 22. Bxc5 f5 23. b4 Rxd1 24. Rxd1 Bc7 25. exf5 exf5 26. g3 1/2-1/2

[Event "Chessemy Open 2022"]
[Site "Reinstorf"]
[Date "2022.02.04"]
[Round "7.45"]
[White "Reuter, Maximilian"]
[Black "Reichmann, Felix"]
[Result "0-1"]
[WhiteElo "1933"]
[BlackElo "1807"]
[Annotator "TA"]
[PlyCount "148"]
[EventDate "2022.01.29"]
[EventType "swiss"]
[EventCountry "GER"]
[SourceTitle "playchess.com"]
[Source "ChessBase"]
[SourceQuality "1"]

1. e4 c5 2. Be2 Nc6 3. d3 e6 4. f4 d5 5. Nf3 Bd6 6. O-O f6 7. c3 Nge7 8. a3 b6 9. b4 a6 10. Be3 Ng6 11. Ne1 Qc7 12. Bh5 Nce7 13. Qf3 O-O 14. Nd2 d4 15. cxd4 cxd4 16. Bxd4 Bxf4 17. Nc4 Bxh2+ 18. Kh1 Ne5 19. Bxb6 Qb8 20. Nxe5 Bxe5 21. d4 Qxb6 22. dxe5 Qd4 23. Rd1 Qxe5 24. Nd3 Qg5 25. Bg4 Ng6 26. e5 Rb8 27. exf6 gxf6 28. Qe2 f5 29. Bf3 Rf6 30. Nc5 Nf4 31. Rd8+ Kf7 32. Qd2 Rh6+ 33. Kg1 Nh3+ 34. Kh1 Nf4+ 35. Kg1 Nh3+ 36. Kh1 Qxd2 37. Rxd2 Ng5+ 38. Kg1 Nxf3+ 39. Rxf3 a5 40. Rd8 axb4 41. axb4 Rh4 42. Ra3 Ke7 43. Rh8 Rhxb4 44. Rxh7+ Kd6 45. Nd3 Rb1+ 46. Kf2 R8b3 47. Rxb3 Rxb3 48. Nc5 Rb5 49. Nd3 Bb7 50. Rh6 Bd5 51. Nf4 Rb2+ 52. Ke3 Ba2 53. g3 Rb3+ 54. Kf2 Rc3 55. Ne2 Rc2 56. Ke3 Ke5 57. Nf4 Bc4 58. Ng6+ Kd6 59. Nf4 Rc1 60. Rg6 Re1+ 61. Kf2 Re4 62. Rh6 Kc5 63. Kf3 Kd4 64. Ng2 Bd5 65. Nf4 Re3+ 66. Kf2 Rf3+ 67. Ke2 Rxg3 68. Nxe6+ Ke5 69. Nc5 Rg2+ 70. Kf1 Rc2 71. Nd7+ Kf4 72. Nf6 Bg2+ 73. Kg1 Kf3 74. Kh2 Rc1 0-1

[Event "Chessemy Open 2022"]
[Site "Reinstorf"]
[Date "2022.02.04"]
[Round "7.46"]
[White "Mueller, Christian"]
[Black "Hipler, Andreas"]
[Result "1-0"]
[WhiteElo "2219"]
[BlackElo "1803"]
[Annotator "TA"]
[PlyCount "63"]
[EventDate "2022.01.29"]
[EventType "swiss"]
[EventCountry "GER"]
[SourceTitle "playchess.com"]
[Source "ChessBase"]
[SourceQuality "1"]

1. e4 d5 2. exd5 Qxd5 3. Nc3 Qd6 4. d4 Nf6 5. Nf3 Bg4 6. h3 Bh5 7. g4 Bg6 8. Ne5 c6 9. h4 Nd5 10. Ne2 Be4 11. f3 f6 12. fxe4 fxe5 13. exd5 Qxd5 14. Rh3 Nd7 15. dxe5 Qxd1+ 16. Kxd1 Nxe5 17. g5 Rd8+ 18. Ke1 e6 19. Bf4 Nc4 20. Nc3 Nb6 21. Rd1 Nd5 22. Nxd5 cxd5 23. Be5 Rg8 24. c4 Bb4+ 25. Bc3 Bc5 26. cxd5 Rf8 27. Bxg7 Rf5 28. Bb5+ Kf7 29. Bf6 Bf2+ 30. Ke2 Rc8 31. dxe6+ Kxe6 32. Bd7+ 1-0

[Event "Chessemy Open 2022"]
[Site "Reinstorf"]
[Date "2022.02.04"]
[Round "7.47"]
[White "Schwarz, Jochen"]
[Black "Jessen, Bjarne"]
[Result "1/2-1/2"]
[WhiteElo "1905"]
[BlackElo "1547"]
[Annotator "TA"]
[PlyCount "33"]
[EventDate "2022.01.29"]
[EventType "swiss"]
[EventCountry "GER"]
[SourceTitle "playchess.com"]
[Source "ChessBase"]
[SourceQuality "1"]

1. c4 e5 2. g3 c6 3. d4 e4 4. Bg2 d5 5. Nc3 Bb4 6. cxd5 cxd5 7. Nh3 Qa5 8. O-O Nf6 9. Bg5 Nbd7 10. Qb3 Bxc3 11. bxc3 h6 12. Bf4 O-O 13. c4 dxc4 14. Qxc4 Nb6 15. Qc1 Bg4 16. Be5 Rac8 17. Qe1 1/2-1/2

[Event "Chessemy Open 2022"]
[Site "Reinstorf"]
[Date "2022.02.04"]
[Round "7.48"]
[White "Buchinger, Alexis"]
[Black "Jalving, August"]
[Result "0-1"]
[WhiteElo "1509"]
[BlackElo "1835"]
[Annotator "NA RC"]
[PlyCount "116"]
[EventDate "2022.01.29"]
[EventType "swiss"]
[EventCountry "GER"]
[SourceTitle "playchess.com"]
[Source "ChessBase"]
[SourceQuality "1"]

1. c4 Nf6 2. g3 g6 3. Bg2 Bg7 4. Nc3 O-O 5. d3 d6 6. e4 e5 7. Nge2 Nc6 8. O-O Nh5 9. f4 f5 10. Be3 Be6 11. Nd5 Nf6 12. Nec3 Nd4 13. Ne2 Ng4 14. Nxd4 exd4 15. Bd2 c6 16. Nb4 fxe4 17. Bxe4 Ne3 18. Bxe3 dxe3 19. Rb1 Qb6 20. Qe1 e2+ 21. Rf2 Bd4 22. Nc2 Bxf2+ 23. Qxf2 Qxf2+ 24. Kxf2 g5 25. Nd4 Bg4 26. Bf3 Bxf3 27. Kxf3 gxf4 28. gxf4 Rae8 29. Nxe2 Re6 30. Nd4 Rh6 31. Rg1+ Kh8 32. Rg2 c5 33. Ne2 Re8 34. Ng3 Re1 35. Ne4 Rh1 36. b3 R1xh2 37. Rxh2 Rxh2 38. Nxd6 b6 39. Nc8 Rxa2 40. Ke4 h5 41. Kf5 Rg2 42. Ne7 h4 43. Nd5 h3 44. Ne3 h2 45. Nxg2 h1=Q 46. Ne3 Qf3 47. Nd5 Qxd3+ 48. Kf6 Qxb3 49. Ne7 Qxc4 50. f5 a5 51. Ng6+ Kg8 52. Ne7+ Kf8 53. Ng6+ Ke8 54. Kg7 Qf7+ 55. Kh8 Qxf5 56. Nf8 Qxf8+ 57. Kh7 Qf6 58. Kg8 Qg5+ 0-1

[Event "Chessemy Open 2022"]
[Site "Reinstorf"]
[Date "2022.02.04"]
[Round "7.49"]
[White "Milovs, Daniels"]
[Black "Semling, Julius"]
[Result "1/2-1/2"]
[WhiteElo "1842"]
[BlackElo "1515"]
[Annotator "NA RC"]
[PlyCount "70"]
[EventDate "2022.01.29"]
[EventType "swiss"]
[EventCountry "GER"]
[SourceTitle "playchess.com"]
[Source "ChessBase"]
[SourceQuality "1"]

1. e4 d5 2. exd5 Qxd5 3. Nc3 Qa5 4. Bc4 Nf6 5. d3 a6 6. Bd2 Qf5 7. Qe2 b5 8. Bb3 Bb7 9. f4 Nbd7 10. Nf3 e6 11. h3 Bb4 12. g4 Qc5 13. O-O-O O-O-O 14. Rhe1 Rhe8 15. Kb1 Qf8 16. d4 Nb6 17. g5 Bxc3 18. Bxc3 Ne4 19. Ba5 Kb8 20. Bxb6 cxb6 21. Qe3 Ka7 22. a4 bxa4 23. Bxa4 Re7 24. Ne5 Rc7 25. Bc6 Bxc6 26. Nxc6+ Rxc6 27. Qxe4 Rcd6 28. Re3 h6 29. Rc3 Qe7 30. gxh6 gxh6 31. Qe5 Kb7 32. Qg7 Qf8 33. Qe5 Qe7 34. Qg7 Qf8 35. Qe5 Qe7 1/2-1/2

[Event "Chessemy Open 2022"]
[Site "Reinstorf"]
[Date "2022.02.05"]
[Round "8.1"]
[White "Zaragatski, Ilja"]
[Black "Tan, Justin"]
[Result "0-1"]
[WhiteElo "2509"]
[BlackElo "2526"]
[Annotator "TA"]
[PlyCount "114"]
[EventDate "2022.01.29"]
[EventType "swiss"]
[EventCountry "GER"]
[SourceTitle "playchess.com"]
[Source "ChessBase"]
[SourceQuality "1"]

1. d4 Nf6 2. Nf3 d5 3. c4 e6 4. e3 b6 5. b3 Bd6 6. Bd3 Bb7 7. O-O Nbd7 8. cxd5 exd5 9. Ba3 Qe7 10. Bxd6 Qxd6 11. Nc3 a6 12. Rc1 O-O 13. Qe2 Rfe8 14. Bf5 g6 15. Bh3 Re7 16. Rc2 Kg7 17. Rfc1 Rae8 18. g3 h5 19. Na4 Nb8 20. Nb2 Ne4 21. Nd3 Rh8 22. Bg2 a5 23. h4 f6 24. Nf4 c6 25. Nd2 Bc8 26. Nxe4 dxe4 27. Bh3 Bxh3 28. Nxh3 Qd7 29. Nf4 g5 30. hxg5 fxg5 31. Nxh5+ Kf8 32. g4 Rf7 33. Ng3 Rf3 34. Kg2 Qxg4 35. Rh1 Rh4 36. Qf1 Ke7 37. Rc1 Kd6 38. Rh2 Nd7 39. Kh1 Nf6 40. Qg2 Kd7 41. Rg1 Rxh2+ 42. Qxh2 Qe6 43. Qh6 Rxf2 44. Rf1 Rf3 45. Qg7+ Kc8 46. Qh8+ Kb7 47. Rxf3 exf3 48. Qh6 Qg4 49. Kh2 Nd5 50. Qh7+ Ka6 51. Qd3+ b5 52. Qf5 Qh4+ 53. Qh3 Nxe3 54. Qxh4 gxh4 55. Ne4 Ng4+ 56. Kg1 h3 57. Ng3 Kb6 0-1

[Event "Chessemy Open 2022"]
[Site "Reinstorf"]
[Date "2022.02.05"]
[Round "8.1"]
[White "Anderberg, Peter"]
[Black "Rennkamp, Johannes"]
[Result "1-0"]
[WhiteElo "2003"]
[BlackElo "1608"]
[Annotator "TA"]
[PlyCount "81"]
[EventDate "2022.01.29"]
[EventType "swiss"]
[EventCountry "GER"]
[SourceTitle "playchess.com"]
[Source "ChessBase"]
[SourceQuality "1"]

1. d4 Nf6 2. c4 c5 3. d5 b5 4. Qc2 d6 5. e4 b4 6. Bd3 g6 7. h3 Bg7 8. Ne2 a5 9. Nd2 a4 10. Rb1 Nbd7 11. f4 Qa5 12. O-O h5 13. Nf3 Ba6 14. e5 Ng8 15. e6 Nf8 16. exf7+ Kxf7 17. Ng5+ Ke8 18. Bxg6+ Kd8 19. Nf7+ Kc7 20. Nxh8 Bxh8 21. Bxh5 Nf6 22. Bf3 N8d7 23. g4 Nb6 24. b3 axb3 25. axb3 Rg8 26. Bb2 Nbd7 27. g5 Ne8 28. Bxh8 Rxh8 29. Ra1 Qb6 30. Bg4 Bc8 31. Ng3 Nb8 32. Bxc8 Kxc8 33. Qe4 Kd8 34. Kg2 Qc7 35. Rfe1 Ng7 36. h4 Qd7 37. f5 Nh5 38. Ra8 Nxg3 39. Kxg3 Qc7 40. Qxe7+ Qxe7 41. Rxb8+ 1-0

[Event "Chessemy Open 2022"]
[Site "Reinstorf"]
[Date "2022.02.05"]
[Round "8.2"]
[White "Mis, Mieszko"]
[Black "Gschnitzer, Adrian"]
[Result "0-1"]
[WhiteElo "2417"]
[BlackElo "2403"]
[Annotator "TA"]
[PlyCount "78"]
[EventDate "2022.01.29"]
[EventType "swiss"]
[EventCountry "GER"]
[SourceTitle "playchess.com"]
[Source "ChessBase"]
[SourceQuality "1"]

1. d4 d5 2. c4 e6 3. Nf3 c6 4. Qc2 Nf6 5. g3 dxc4 6. Qxc4 b5 7. Qc2 Bb7 8. Bg2 Nbd7 9. Ne5 Nxe5 10. dxe5 Nd5 11. Nc3 Rc8 12. O-O Qc7 13. a4 b4 14. Ne4 c5 15. Nd6+ Bxd6 16. exd6 Qxd6 17. e4 Ne7 18. Rd1 Qc7 19. Bf4 e5 20. Be3 O-O 21. Bh3 f5 22. Qc4+ Kh8 23. Rac1 Bxe4 24. Qxc5 Nc6 25. Qc4 Qb7 26. Bc5 Nd4 27. Qxb4 Nf3+ 28. Kf1 Qa6+ 29. Qb5 Qh6 30. Bg2 Nxh2+ 31. Kg1 Nf3+ 32. Kf1 Nh2+ 33. Kg1 Ng4 34. f3 Qh2+ 35. Kf1 Qxg3 36. Rc3 Nh2+ 37. Kg1 Nxf3+ 38. Kf1 Nh2+ 39. Kg1 Qxg2# 0-1

[Event "Chessemy Open 2022"]
[Site "Reinstorf"]
[Date "2022.02.05"]
[Round "8.2"]
[White "Fernandez Garcia, Alfonso Javier"]
[Black "Tiede, Andreas"]
[Result "1/2-1/2"]
[WhiteElo "1619"]
[BlackElo "1982"]
[Annotator "TA"]
[PlyCount "80"]
[EventDate "2022.01.29"]
[EventType "swiss"]
[EventCountry "GER"]
[SourceTitle "playchess.com"]
[Source "ChessBase"]
[SourceQuality "1"]

1. e4 d6 2. Nf3 g6 3. c3 Bg7 4. Bc4 a6 5. O-O b5 6. Bb3 e6 7. d4 Ne7 8. Bg5 h6 9. Be3 g5 10. h3 Bb7 11. Nbd2 Nd7 12. a4 c5 13. Re1 e5 14. Qe2 c4 15. Bc2 Rc8 16. axb5 axb5 17. Ra7 Qc7 18. Kh1 Nc6 19. Ra2 O-O 20. Rea1 Ra8 21. Nf1 Rxa2 22. Rxa2 Nf6 23. Ng3 Bc8 24. Nh2 exd4 25. Bxd4 Nxd4 26. cxd4 Re8 27. Qf3 Qb6 28. Ne2 Bb7 29. d5 Bc8 30. Kg1 Bd7 31. Ng3 b4 32. b3 c3 33. Ra1 Qd4 34. Rd1 Qe5 35. Qd3 Rb8 36. Nf3 Qe8 37. Nd4 Ra8 38. Ngf5 Bf8 39. Qf3 Qe5 40. Qd3 Qe8 1/2-1/2